00845cam a2200217 a 450000100100000000500170001000800410002704000250006808200190009310000410011224500590015326000570021230000210026949000270029065100430031765000460036065000460040683000350045295201230048799900170061000001437620200929163608.0500101s1964 ck 000 0 spa d aDO-SdBNPbspacBNPHU a320.986bP438c1 aPérez, Cleofásd1966-197093246610aCrónicas y coloquios /cBachiller Cleofás Pérez. aBogotá, Colombia :bEdiciones Tercer Mundo,c1964. a247 p. ;c21 cm.1 aDocumentos políticos 4aColombiaxPolítica Y Gobierno932467 4aColombiaxPolítica internacional932468 4aColombiaxCondiciones económicas932469 0aDocumentos políticos.930638 001054708MOaGRbGRcCTd2009-12-10iLF1l0o320.986 P438cp14376-10r2020-06-25w2020-06-25y4ZPréstamo en sala c13968d13968